Por qué se empañan los objetos fríos? /

Guardado en:
Autor Corporativo: Videoteca CEA.
Formato: Deslizar
Series:Cómo, por qué, para qué?
Materias:
Etiquetas: Agregar Etiqueta
Sin Etiquetas, Sea el primero en etiquetar este registro!
LEADER 00840ngm a22002655g 4500
001 CEM.cems021793
008 130507b1993##################0###0#####d
005 20240913132019.0
245 1 0 |a Por qué se empañan los objetos fríos? /  |c Videoteca CEA. 
300 |a 09 
490 0 |a Cómo, por qué, para qué? 
500 |a En soporte VHS, consultar en ventanilla. 
505 0 |a El vapor. Calentamiento del aire. Condensación del agua. 
538 |a Soporte: VHS - Norma: Pal N - Color - Grabación DRD 1993 - Hitachi=3920 
110 2 |a Videoteca CEA. 
082 5 3 |/ CEA-1 
653 |a FISICA 
653 |a AGUA 
653 |a AIRE 
653 |a VAPOR 
653 |a CLIMATOLOGIA 
653 |a CLIMA 
653 |a NIVEL PRIMARIO 
653 |a NIVEL SECUNDARIO 
859 |a CEMS  |b BIB. CEMS - Depto. Recursos Didacticos  |h 530  |i CEA-1  |k DRD  |p 436.12  |t Ej.1